Kisebezégi eizottságot szorgalmaznak Miről tárgyal az Európai Parlament

Bibliographic Details
Main Authors: FS (Author), Gemési, Károly (Author), Gémesi, Károly (Author)
Format: Article
Language:Hungarian
Subjects:

MARC

LEADER 00000nab a2200000 a 4500
001 vtls000450324
003 SK-MaSNL
005 20260318125153.0
008 160202c1992 xo 0 hun
015 |a SNBRB19rr/mm-uuuuu 
035 |a CL0450455 
040 |a SNKBUCL  |b slo  |c SNKBUCL  |e AACR2 
041 0 |a hun 
044 |a xo  |c SK 
080 |a 327(4)=945.11  |2 1981 
080 |a 341.234(4)=945.11  |2 1981 
100 1 |a FS  |4 aut  |9 551300 
245 1 0 |a Kisebezégi eizottságot szorgalmaznak  |b Miről tárgyal az Európai Parlament  |c FS, Károly Gemési ; Károly Gémesi 
610 2 7 |a Európsky parlament  |2 snkbucl  |9 29808 
655 7 |a články z novín a časopisov  |2 snkbucl  |9 267496 
700 1 |a Gemési, Károly  |4 aut  |9 968781 
700 1 |a Gémesi, Károly  |4 aut  |9 968781 
773 0 |t Szabad újság  |g Roč. 2, č. 31 (6. 2. 1992), s. 3 
850 |a Slovenská národná knižnica v Martine  |a MTA001 
852 |a SNK  |b KIS3GCP 
958 |a RK 
958 |a HU 
992 |a RBX 
999 |c 2626421  |d 2628351